Statistics for Football Clubs That Jurgen Klopp and Pep Guardiola Managed For

Click here to take the quiz!

General Stats

  • This quiz has been taken 57 times
  • The average score is 6 of 7

Answer Stats

Football Clubs% Correct
Barcelona
100%
Bayern Munich
100%
Liverpool
100%
Borussia Dortmund
97%
Manchester City
97%
Mainz
86%
Barcelona B
29%

Score Distribution

Percentile by Number Answered

Percent of People with Each Score

Your Score History

You have not taken this quiz